[Event "Let's Play Chess!"]
[Site "http://www.queenalice.com/game.php?id=1044615"]
[Date "2012.3.31"]
[Round "-"]
[White "mataratas"]
[Black "Ruusgugg"]
[Result "1-0"]
[WhiteElo "1608"]
[BlackElo "1049"]

1. e4 Nf6 2. Nc3 d5 3. exd5 c6 4. d3 Bg4 5. f3 Bh5 6. dxc6 Nxc6 7. g4 Bg6 8. Bg2
e6 9. Bg5 h6 10. Bh4 Qb6 11. Rb1 Nb4 12. Bf2 Qa5 13. Nge2 Bd6 14. O-O Bb8 15. a3
Nc6 16. Ne4 O-O 17. Nxf6+ gxf6 18. Ng3 Be5 19. c3 Rad8 20. Ne4 f5 21. gxf5 Bxf5
22. Re1 b6 23. Ng3 Bg6 24. Ne4 Bc7 25. d4 Qh5 26. Nf6+ Kg7 27. Nxh5+ Bxh5 28. b4
Rd5 29. Qc1 1-0

[Event "Challenge"]
[Site "http://www.queenalice.com/game.php?id=1044619"]
[Date "2012.3.31"]
[Round "-"]
[White "rodrigues"]
[Black "mataratas"]
[Result "0-1"]
[WhiteElo "1020"]
[BlackElo "1500"]

1. e4 c5 2. c4 Nc6 3. Nf3 e5 4. Nc3 Nf6 5. Nh4 d6 6. b3 Be7 7. Be2 O-O 8. f3 Nd4
9. O-O Nxe2+ 10. Nxe2 Bd7 11. a4 Nh5 12. g4 Nf4 13. Ng3 Bxh4 14. Nh1 a6 15. d3
b5 16. axb5 Qg5 17. bxa6 h5 18. Qc2 hxg4 19. Rd1 gxf3+ 20. Kf1 Bh3+ 0-1

[Event "Challenge"]
[Site "http://www.queenalice.com/game.php?id=1044623"]
[Date "2012.3.31"]
[Round "-"]
[White "rodrigues"]
[Black "mataratas"]
[Result "0-1"]
[WhiteElo "1056"]
[BlackElo "1500"]

1. e3 Nc6 2. Nf3 d6 3. Bb5 Bd7 4. Ng5 Nf6 5. b3 h6 6. Nh3 e5 7. f4 exf4 8. exf4
Be7 9. Rf1 O-O 10. Bc4 d5 11. Bb5 Ng4 12. Rh1 Bh4+ 13. g3 Bf6 14. c3 d4 15. Na3
dxc3 16. dxc3 Bxc3+ 17. Bd2 Bxa1 18. Qxa1 Qe7+ 19. Kd1 Qxa3 20. Kc2 Qc5+ 21. Kb2
Qxb5 22. a4 Qd5 23. Rd1 Qe6 24. Bb4 Nxb4 25. Qa3 Qe2+ 26. Kc1 Qc2# 0-1

[Event "OS INCLIVEIS"]
[Site "http://www.queenalice.com/game.php?id=1053766"]
[Date "2012.4.28"]
[Round "-"]
[White "adelio"]
[Black "mataratas"]
[Result "1-0"]
[WhiteElo "1659"]
[BlackElo "1589"]

1. d4 Nf6 2. d5 d6 3. c4 g6 4. f3 Bg7 5. g4 e5 6. dxe6 Bxe6 7. b3 Nxg4 8. h4
Bxa1 9. fxg4 Bxg4 10. Qd3 Be5 11. Nc3 Bf5 12. Ne4 O-O 13. Nf3 Bg7 14. Nfg5 Nc6
15. a3 Ne5 16. Qe3 Qd7 17. h5 Qc6 18. h6 Ng4 19. hxg7 Nxe3 20. Nf6+ 1-0

[Event "Challenge"]
[Site "http://www.queenalice.com/game.php?id=1054662"]
[Date "2012.4.30"]
[Round "-"]
[White "mataratas"]
[Black "Vladimir"]
[Result "0-1"]
[WhiteElo "1476"]
[BlackElo "1770"]

1. e4 e5 2. Nf3 Nc6 3. Nc3 a6 4. Bc4 h6 5. O-O Bc5 6. Be2 Nf6 7. a3 O-O 8. d3 d5
9. exd5 Nxd5 10. Nxd5 Qxd5 11. c3 b5 12. b4 Bb6 13. Ne1 Qe6 14. Be3 Qg6 15. Bxb6
cxb6 16. Nc2 f5 17. Bf3 Bd7 18. Ne3 Rad8 19. Bh5 Qg5 20. Nd5 Be8 21. Bxe8 Rfxe8
22. Ne3 f4 23. Nc2 e4 24. d4 f3 25. Ne3 fxg2 26. Re1 Ne5 27. Nxg2 Nf3+ 28. Kh1
Nxe1 29. Qxe1 Re6 30. Ne3 Qf4 31. Qf1 Rg6 32. Re1 Qf3+ 33. Ng2 Rd5 34. Re3 Qh5
35. Rxe4 Rdg5 36. Qe1 Rxg2 37. Re8+ Kh7 38. Re5 Qf3 0-1

[Event "Let's Play Chess!"]
[Site "http://www.queenalice.com/game.php?id=1059696"]
[Date "2012.5.14"]
[Round "-"]
[White "jovelino"]
[Black "mataratas"]
[Result "1-0"]
[WhiteElo "1608"]
[BlackElo "1474"]

1. e4 d6 2. d4 Nc6 3. d5 Ne5 4. f4 Ng6 5. Nf3 Bg4 6. Bd3 e6 7. c4 exd5 8. cxd5
Bxf3 9. Qxf3 Be7 10. O-O Nh6 11. Nc3 O-O 12. g4 f5 13. exf5 Nh4 14. Qh3 Kh8 15.
Ne4 c6 16. Ng5 Bxg5 17. fxg5 N6xf5 18. gxf5 Nxf5 19. Rxf5 g6 20. Rxf8+ Qxf8 21.
Bd2 Kg8 22. Bc3 cxd5 23. Rf1 1-0

[Event "Let's Play Chess!"]
[Site "http://www.queenalice.com/game.php?id=1059697"]
[Date "2012.5.14"]
[Round "-"]
[White "mataratas"]
[Black "jovelino"]
[Result "0-1"]
[WhiteElo "1502"]
[BlackElo "1592"]

1. e4 c5 2. Bc4 d6 3. Nf3 Nf6 4. Nc3 e6 5. O-O a6 6. d4 cxd4 7. Nxd4 Nc6 8. Nxc6
bxc6 9. Be3 Be7 10. f3 Qc7 11. Qe2 O-O 12. Bd3 Nd7 13. f4 Qb8 14. Rab1 c5 15. e5
dxe5 16. fxe5 Qxe5 17. Rbe1 Bb7 18. Rf2 Bh4 19. g3 Bxg3 20. hxg3 Qxg3+ 21. Rg2
Bxg2 22. Qxg2 Qxe1+ 0-1

[Event "Let's Play Chess!"]
[Site "http://www.queenalice.com/game.php?id=1059698"]
[Date "2012.5.14"]
[Round "-"]
[White "skorpion"]
[Black "mataratas"]
[Result "1-0"]
[WhiteElo "2747"]
[BlackElo "1452"]

1. e4 d6 2. d4 Nc6 3. Nf3 Bg4 4. d5 Bxf3 5. Qxf3 Ne5 6. Qb3 Qc8 7. f4 Nd7 8. Qf3
c6 9. Nc3 c5 10. g4 Nb6 11. g5 e6 12. Bh3 Qc7 13. dxe6 f6 14. a4 Be7 15. a5 Nc4
16. Qh5+ g6 17. Qe2 Ne5 18. fxe5 fxg5 19. Nd5 Qb8 20. Qb5+ Kf8 21. Qd7 Qd8 22.
Rf1+ Kg7 23. Bxg5 Qxd7 24. Rf7# 1-0

[Event "Let's Play Chess!"]
[Site "http://www.queenalice.com/game.php?id=1059699"]
[Date "2012.5.14"]
[Round "-"]
[White "spawnwolfwolverine"]
[Black "mataratas"]
[Result "1-0"]
[WhiteElo "1689"]
[BlackElo "1545"]

1. d4 Nf6 2. e3 e6 3. g3 Nc6 4. Bg2 d5 5. Nf3 Bd6 6. O-O O-O 7. b3 Ne4 8. Bd2 e5
9. Nc3 exd4 10. exd4 f6 11. Nxe4 dxe4 12. Nh4 Nxd4 13. c4 f5 14. Be3 Nf3+ 15.
Nxf3 exf3 16. Bxf3 Kh8 17. c5 Be5 18. Qxd8 Rxd8 19. b4 Bxa1 20. Rxa1 c6 21. a4
Be6 22. b5 Bd5 23. Bxd5 cxd5 24. c6 bxc6 25. bxc6 d4 26. Bf4 Rac8 27. c7 Rd7 28.
a5 Rcxc7 29. Bxc7 Rxc7 30. Rd1 Rd7 31. f4 g6 32. Kf2 Kg7 33. Ke2 Kf6 34. h3 a6
35. Kd3 Ke7 36. Kc4 d3 37. Rxd3 Rb7 38. g4 Rb5 39. Rd5 Rb2 40. gxf5 gxf5 41.
Rxf5 Rh2 42. Rh5 Kd8 43. Rxh7 Rf2 44. Ra7 Rxf4+ 45. Kc5 Rf5+ 46. Kd6 Rf6+ 47.
Kc5 Ke8 48. h4 Kf8 49. Kd5 Rf5+ 50. Ke6 Rh5 51. Kf6 Rh6+ 52. Kg5 Re6 53. h5 Re5+
54. Kg6 Re6+ 55. Kh7 Re7+ 56. Rxe7 Kxe7 57. Kg7 Kd6 58. h6 Kc6 59. h7 Kb5 60.
h8=Q Kxa5 61. Kf6 Ka4 62. Ke5 Kb3 63. Kd4 a5 64. Kd3 Kb4 65. Kc2 a4 66. Qc3+ Kb5
67. Kb2 1-0

[Event "Let's Play Chess!"]
[Site "http://www.queenalice.com/game.php?id=1059700"]
[Date "2012.5.14"]
[Round "-"]
[White "spawnwolfwolverine"]
[Black "mataratas"]
[Result "1-0"]
[WhiteElo "1727"]
[BlackElo "1452"]

1. d4 Nf6 2. e3 e6 3. g3 d5 4. Bg2 Bd7 5. Nf3 Bd6 6. O-O O-O 7. b3 Ne4 8. a4 Nc6
9. Ba3 a6 10. Bxd6 cxd6 11. Nbd2 Nxd2 12. Qxd2 f6 13. c4 dxc4 14. bxc4 Ne7 15.
Nh4 Ng6 16. Nxg6 hxg6 17. Bxb7 Ra7 18. Bf3 Kf7 19. e4 g5 20. c5 d5 21. exd5 exd5
22. Bxd5+ Be6 23. Bxe6+ Kxe6 24. Rfe1+ Kf7 25. d5 Kg8 26. d6 Qd7 27. Qd5+ Kh8
28. Re7 1-0

[Event "Challenge"]
[Site "http://www.queenalice.com/game.php?id=1061909"]
[Date "2012.5.20"]
[Round "-"]
[White "sunking"]
[Black "mataratas"]
[Result "0-1"]
[WhiteElo "1570"]
[BlackElo "1523"]

1. d4 e6 2. e4 Nf6 3. Nc3 Bb4 4. Bd2 Bxc3 5. Bxc3 Nxe4 6. Nh3 Nxc3 7. bxc3 d5 8.
Be2 Nc6 9. Bb5 O-O 10. Bxc6 bxc6 11. O-O f5 12. Qh5 Rf6 13. Qg5 Bd7 14. Qh5 Be8
15. Qg5 Qe7 16. Nf4 h6 17. Qh5 Bxh5 18. Nxh5 Rff8 19. Nf4 g5 20. Ng6 Qa3 21.
Nxf8 Kxf8 22. h3 Qxc3 23. Rae1 Re8 24. Rb1 Qxc2 25. a4 Qxa4 26. Rbd1 Qc4 27. Ra1
Qxd4 28. Rae1 c5 29. Re2 c4 30. Rfe1 Kf7 31. Re3 e5 32. g3 a5 33. Kg2 Kf6 34. f3
Qc5 35. f4 gxf4 36. g4 fxe3 37. Kf3 fxg4+ 38. hxg4 e4+ 39. Kf4 d4 40. Kg3 d3 41.
Kh4 Qg5+ 42. Kg3 d2 43. Rf1+ Kg6 44. Rd1 e2 45. Rg1 e1=Q+ 46. Rxe1 dxe1=Q+ 0-1

[Event "Challenge"]
[Site "http://www.queenalice.com/game.php?id=1062620"]
[Date "2012.5.22"]
[Round "-"]
[White "sunking"]
[Black "mataratas"]
[Result "0-1"]
[WhiteElo "1570"]
[BlackElo "1470"]

1. d4 e6 2. e4 Nc6 3. d5 Ne5 4. Nc3 Bb4 5. Bd2 d6 6. Nb5 Nf6 7. Bxb4 exd5 8. Bc3
c6 9. Nd4 O-O 10. Ngf3 dxe4 11. Ng5 Bg4 12. f3 exf3 13. gxf3 Bh5 14. Qe2 Re8 15.
Bd2 Nxf3+ 16. Ngxf3 Rxe2+ 17. Nxe2 Bxf3 18. Rg1 Qb6 19. Rg3 Bxe2 20. Bxe2 Qxb2
21. Rc1 Qxa2 22. Bh6 g6 23. Bg5 Ne4 24. Rg4 Qd5 25. Bd2 Qxd2+ 26. Kf1 Qxc1+ 27.
Kg2 f5 28. Rh4 Qxc2 29. Kf1 a5 30. Rh3 a4 31. Bd3 Qf2# 0-1

[Event "Challenge"]
[Site "http://www.queenalice.com/game.php?id=1065649"]
[Date "2012.5.29"]
[Round "-"]
[White "mataratas"]
[Black "sunking"]
[Result "1-0"]
[WhiteElo "1498"]
[BlackElo "1570"]

1. e4 e5 2. Nf3 Nf6 3. Nc3 d6 4. d3 Nc6 5. Nd5 Nxd5 6. exd5 Nd4 7. Nxd4 exd4 8.
Be2 c5 9. O-O Be7 10. Bd2 Bh4 11. Bf3 f6 12. Re1+ Kf8 13. g3 Bg5 14. Bg2 b6 15.
f4 Bh6 16. c3 Kf7 17. Qb3 Re8 18. cxd4 Bf5 19. Re3 cxd4 20. Rxe8 Qxe8 21. Re1
Qd7 22. Qc4 Rc8 23. Qxd4 g5 24. fxg5 fxg5 25. h4 gxh4 26. Bxh6 hxg3 27. Qg7# 1-0

[Event "Challenge"]
[Site "http://www.queenalice.com/game.php?id=1065651"]
[Date "2012.5.29"]
[Round "-"]
[White "mataratas"]
[Black "sunking"]
[Result "1-0"]
[WhiteElo "1443"]
[BlackElo "1570"]

1. e4 e5 2. Nf3 Nf6 3. Bc4 c6 4. Nxe5 Qe7 5. Nxf7 Qxf7 6. Bxf7+ Kxf7 7. d3 d5 8.
e5 Ng4 9. Qf3+ Nf6 10. exf6 g6 11. O-O h5 12. Nc3 Bf5 13. Bg5 Nd7 14. Rfe1 Bb4
15. a3 Bxc3 16. bxc3 Nc5 17. a4 b5 18. axb5 cxb5 19. Qxd5+ Kf8 20. Qxa8+ 1-0

[Event "CESARIO VIII"]
[Site "http://www.queenalice.com/game.php?id=1073650"]
[Date "2012.6.19"]
[Round "-"]
[White "rogeriooliveira"]
[Black "mataratas"]
[Result "1-0"]
[WhiteElo "1400"]
[BlackElo "1542"]

1. e4 c5 2. d4 cxd4 3. Qxd4 Nc6 4. Qd5 e6 5. Qd3 Be7 6. Nf3 Nf6 7. Nc3 O-O 8.
Be2 Nb4 9. Qd2 d5 10. e5 Ne4 11. Nxe4 dxe4 12. Nd4 e3 13. fxe3 Nd5 14. c4 Bb4
15. Qxb4 Nxb4 16. Kd2 Bd7 17. Rf1 Qg5 18. g3 Qxe5 19. Rf3 Bc6 20. Rf4 Qc7 21.
Rg4 f5 22. Rg5 Be4 23. Nxe6 Rfd8+ 24. Kc3 Qe5+ 25. Kxb4 Qxe6 26. b3 Qe7+ 27. Ka4
Qxg5 28. Kb4 a6 29. Ka5 f4+ 30. Ka4 b5+ 31. cxb5 axb5+ 32. Kb4 Qe7+ 33. Kc3
Rac8+ 34. Kb2 Qe5+ 35. Ka3 Qxa1 36. Bb2 Ra8+ 37. Kb4 1-0

[Event "Challenge"]
[Site "http://www.queenalice.com/game.php?id=1085657"]
[Date "2012.7.22"]
[Round "-"]
[White "mataratas"]
[Black "Shizumaru_Hisame"]
[Result "1-0"]
[WhiteElo "1533"]
[BlackElo "1611"]

1. e4 d5 2. exd5 Qxd5 3. Nc3 Qd8 4. d4 Nf6 5. Nf3 Nd5 6. Nxd5 Qxd5 7. c4 Qd8 8.
c5 b6 9. Bc4 bxc5 10. O-O Ba6 11. Bxa6 Nxa6 12. Qa4+ Qd7 13. Qxa6 cxd4 14. Qb7
Qd8 15. Qc6+ Qd7 16. Qxa8+ Qd8 17. Qxa7 d3 18. Bd2 e6 19. Rac1 Bd6 20. Qa4+ Kf8
21. Bc3 f5 22. Kh1 h5 23. Rfd1 h4 24. Qd4 Rh7 25. Qxd3 Qe8 26. Be5 1-0

[Event "Challenge"]
[Site "http://www.queenalice.com/game.php?id=1088450"]
[Date "2012.7.29"]
[Round "-"]
[White "mataratas"]
[Black "aquinochess"]
[Result "0-1"]
[WhiteElo "1572"]
[BlackElo "2009"]

1. e4 c5 2. Nf3 d6 3. Bc4 Nf6 4. Nc3 a6 5. d4 cxd4 6. Nxd4 e6 7. Bg5 Bd7 8. O-O
Nc6 9. Nf3 h6 10. Bh4 b5 11. Bb3 g5 12. Bg3 b4 13. Ne2 Nxe4 14. Nd2 Nxg3 15.
fxg3 d5 16. c3 bxc3 17. bxc3 Bg7 18. Bc2 Rb8 19. Nd4 Nxd4 20. cxd4 Bxd4+ 21. Kh1
Bxa1 22. Qxa1 Rf8 23. Qg7 f5 24. Nb3 Qf6 25. Qxf6 Rxf6 26. h3 Rc8 27. Bd1 e5 28.
Bh5+ Ke7 29. Be2 Rc2 30. Nc1 Rfc6 0-1

[Event "Challenge"]
[Site "http://www.queenalice.com/game.php?id=1088453"]
[Date "2012.7.29"]
[Round "-"]
[White "mataratas"]
[Black "rodricxc"]
[Result "0-1"]
[WhiteElo "1542"]
[BlackElo "1639"]

1. e4 Nf6 2. Nf3 Nc6 3. Bb5 e5 4. Nc3 a6 5. Bxc6 dxc6 6. Nxe5 Qd4 7. Nf3 Qd6 8.
e5 Qe6 9. O-O Ng4 10. h3 Nxe5 11. Nxe5 Bd6 12. Nf3 O-O 13. d4 Qg6 14. Nh4 Qf6
15. Nf3 b5 16. Ne4 Qf5 17. Nxd6 cxd6 18. Be3 Qg6 19. Kh2 Be6 20. Ng1 Rae8 21. f4
Bd5 22. Qd2 Rxe3 23. Nf3 Ree8 24. Nh4 Qh5 25. Qf2 g5 26. fxg5 Qxg5 27. Rae1 c5
28. Rxe8 Rxe8 29. Nf3 Qh5 30. Qg3+ Qg6 0-1

[Event "Challenge"]
[Site "http://www.queenalice.com/game.php?id=1088456"]
[Date "2012.7.29"]
[Round "-"]
[White "mataratas"]
[Black "rnruiz"]
[Result "0-1"]
[WhiteElo "1555"]
[BlackElo "1898"]

1. e4 e5 2. Nf3 Nc6 3. Bb5 d6 4. Nc3 Nf6 5. O-O Bd7 6. d3 h6 7. Ne1 Nd4 8. Bxd7+
Qxd7 9. Nd5 Be7 10. c3 Nc6 11. f4 O-O 12. Nc2 Nxd5 13. exd5 Nb8 14. f5 c6 15.
dxc6 Qxc6 16. Be3 a5 17. Qg4 d5 18. d4 Nd7 19. Qg3 exd4 20. Bxd4 Bf6 21. Rae1
Rae8 22. Rxe8 Rxe8 23. h3 Qc4 24. b3 Qe2 25. Na1 Bxd4+ 26. cxd4 Nf6 27. Qd6 Qe3+
28. Kh2 Qxd4 29. Qc7 Qd3 30. Qxb7 Qxf1 0-1